00986nam a2200193 i 450000100060000000300090000600500170001500700030003200800410003510000320007624501530010826000550026130000290031650502330034570000510057885200210062999900170065095201250066737661ES-MaACL20250727071244.0t|030221s1863 sp ||||1| spa d1 aCaballero, Fernán.93307913aUn servilón y un liberalito o Tres almas de Dios / cFernán Caballero (seud. de Cecilia Boehl de Faber) ; prólogo de Antonio Aparisi Guijarro. aMadrid : b[s.n.], c1863 (fEst. tip. de Mellado) aXVIII, 247 p. ; c18 cm.8 aContiene además: Pág. 101 : El ex-voto. Pág 153 : Matrimonio bien avenido junto al marido. Pág 183: Promesa de un soldado a la Virgen del Carmen. Pág 205 : El Alcázar de Sevilla. Pág 227 : Un sermón bajo naranjos1 aAparisi y Guijarro, Antonio,d1815-1872922085 aES-MaACLjD-3125 c37661d37661 001040708LIBXIXaATENEOMbATENEOMcSVId2008-01-17eSCl0oD-3125p901039644r2023-02-23 00:00:00w2023-02-23yMONANT